000 00509nam a2200181Ia 4500
003 GCL
008 140319s9999 xx 000 0 ara d
040 _aGCL /
_cGCL
082 0 4 _a808.83
_bر ق
100 1 _aرمزى مفتاح
245 1 0 _aقصص عالمية /
_cرمزى مفتاح
300 _a325 ص
490 _aالالف كتاب
_v0
650 0 4 _aالادب
650 0 4 _aالادب العالمى المترجم
650 0 4 _aالقصص العالمية المترجمة
942 _2ddc
_cBK
999 _c45450
_d45450